| 000 | 00617nam a2200193 a 4500 | ||
|---|---|---|---|
| 003 | DO-SdBNP | ||
| 005 | 20211014154445.0 | ||
| 007 | ta | ||
| 008 | 211014e2015 dr ad||gr|||| 001 0dspa d | ||
| 020 | _a8799945084702 | ||
| 040 |
_aDO-SdBNP _bspa _cBNPHU |
||
| 082 | 4 |
_222 _bP438g |
|
| 100 | 1 |
_aPérez Russo, Rocío _980230 |
|
| 245 | 1 | 0 |
_aGestionando en Dominicana talento y renovación: _bgestión de personas / _cRocío Pérez Russo |
| 260 |
_a[Santo Domingo] : _b(AIU), _bDel Rocío, _c2018 |
||
| 300 |
_a153 p. : _bil., gráf. _c25 cm. |
||
| 830 | 0 |
_aAtlantic Internacional University (AIU) _980231 |
|
| 942 |
_2ddc _cLBS1 |
||
| 999 |
_c50754 _d50754 |
||